| 000 | 00703nam a22002417a 4500 | ||
|---|---|---|---|
| 003 | UA-OsUOA | ||
| 001 | 44635 | ||
| 007 | ta | ||
| 008 | 20101202b un ||||| |||| 00| 0 ukr d | ||
| 100 | _aВойчишин Ю. | ||
| 090 |
_a82(477) _bВ65 |
||
| 942 | _cBK | ||
| 040 |
_aUA-OsUOA _bukr _cUA-OsUOA _dUA-OsUOA |
||
| 245 | _aІван Багряний | ||
| 300 | _a86 с. | ||
| 955 | _a4 | ||
| 041 | _aukr | ||
| 080 | _a82(477) | ||
| 260 |
_aВінніпег-Оттава _c1968 |
||
| 650 | 7 |
_a82 Література. Літературознавство _2UDC |
|
| 999 |
_c424736 _d424736 |
||